Largest European Cities With Exceptions - Statistics

General Stats
  • This quiz has been taken 94 times
  • The average score is 33 of 39
Answer Stats
Population City % Correct
14,500,000 London
100%
4,650,000 Barcelona
99%
6,250,000 Madrid
99%
11,300,000 Paris
99%
3,400,000 Athens
96%
3,600,000 Rome
96%
4,550,000 Berlin
95%
2,125,000 Stockholm
95%
2,300,000 Warsaw
95%
2,400,000 Amsterdam
94%
2,200,000 Bucharest
94%
5,150,000 Milan
94%
2,225,000 Munich
94%
2,600,000 Budapest
92%
2,550,000 Lisbon
92%
2,200,000 Vienna
92%
3,075,000 Birmingham
91%
2,025,000 Brussels
91%
1,640,000 Glasgow
91%
2,800,000 Hamburg
91%
3,000,000 Manchester
91%
1,650,000 Marseille
91%
4,250,000 Naples
91%
4,925,000 Cologne / Dusseldorf
90%
1,960,000 Lyon
90%
2,100,000 Leeds
89%
1,840,000 Liverpool
87%
3,175,000 Frankfurt am Main
86%
3,175,000 Rotterdam
86%
1,630,000 Copenhagen
81%
3,400,000 Kiev
78%
1,670,000 Turin
78%
1,750,000 Valencia
73%
1,980,000 Minsk
72%
2,350,000 Stuttgart
71%
1,530,000 Sheffield
54%
1,650,000 Kharkiv
38%
2,375,000 Katowice
33%
1,550,000 Mannheim
20%
No matching quizzes found
Score Distribution
Percent of People with Each Score
Percentile by Number Answered
Your Score History
You have not taken this quiz